Sociología de la producción y el consumo /

Guardado en:
Autor Principal: Johnson, H. M.
Formato: Libro
Publicado: Argentina : Paidós, 1967
Materias:
Etiquetas: Agregar Etiqueta
Sin Etiquetas, Sea el primero en etiquetar este registro!
LEADER 00839nam a22001815a 4500
001 CEM.cems003501
005 19000101000000.0
008 130507s1967##################000#0#####d
003 CEMS
082 0 4 |a 338 
100 1 |a Johnson, H. M. 
245 1 0 |a Sociología de la producción y el consumo / 
260 |a Argentina :  |b Paidós,  |c 1967 
300 |a 179 p. 
505 0 |a Unidad y diversidad en la industrialización: Elites industrializantes y sus estrategias; Conflicto de las culturas en la industrialización; Formación del proceso de industrialización; Los dirigentes y los dirigidos: estructura de la fuerza laboral: Los gerentes de la empresa, Los trabajadores, Las normas y sus creadores; El industrialismo pluralista 
653 |a Produccion 
653 |a Produccion-sociologia 
859 |a CEMS  |b BIB. CEMS - 11 de abril  |h 338  |i J632  |p 712.73  |t Ej.1